[Event "Ottawa Winter op"]
[Site "Ottawa CAN"]
[Date "2025.01.18"]
[Round "2.14"]
[White "Pollitt, Henry"]
[Black "Gordon, David"]
[Result "1/2-1/2"]
[WhiteElo "1906"]
[BlackElo "2154"]
[WhiteFideId "-1"]
[WhiteFideId "-1"]
[PlyCount "63"]
[GameId "2136100490871526"]
[EventDate "2025.01.17"]
[EventType "swiss"]
[EventRounds "5"]
[EventCountry "CAN"]

1. e4 c5 2. c3 Nf6 3. e5 Nd5 4. d4 cxd4 5. cxd4 d6 6. Nf3 dxe5 7. Nxe5 e6 8. Bc4 Bb4+ 9. Bd2 O-O 10. O-O Bxd2 11. Qxd2 Nc6 12. Nxc6 bxc6 13. Nc3 Qa5 14. Rfd1 Nxc3 15. Qxc3 Qxc3 16. bxc3 Bd7 17. Rab1 Rfb8 18. h3 Kf8 19. f4 Ke7 20. Kf2 Rb6 21. Rb3 Rab8 22. Rdb1 Kd6 23. Ke3 c5 24. g4 Ba4 25. Rxb6+ Rxb6 26. Rxb6+ axb6 27. g5 h6 28. h4 Bd1 29. f5 cxd4+ 30. cxd4 hxg5 31. hxg5 Ke7 32. fxe6 1/2-1/2

[Event "Ottawa Winter op"]
[Site "Ottawa CAN"]
[Date "2025.01.18"]
[Round "2.16"]
[White "Knechtel, Thomas"]
[Black "Liang, Jason"]
[Result "0-1"]
[WhiteElo "1924"]
[BlackElo "2590"]
[WhiteFideId "-1"]
[WhiteFideId "-1"]
[PlyCount "66"]
[GameId "2136100490871525"]
[EventDate "2025.01.17"]
[EventType "swiss"]
[EventRounds "5"]
[EventCountry "CAN"]

1. e4 d6 2. d4 Nf6 3. Nc3 Nbd7 4. Be3 e5 5. Nf3 c6 6. Qd2 Be7 7. Be2 Ng4 8. O-O O-O 9. h3 Nxe3 10. fxe3 b5 11. a3 a6 12. b4 Qc7 13. Bd3 Bb7 14. Rfc1 c5 15. Nd5 Bxd5 16. exd5 c4 17. Bf5 Nf6 18. c3 e4 19. Nh2 g6 20. Bg4 Nxd5 21. Bd1 f5 22. Bc2 Nf6 23. a4 d5 24. Nf1 Bd6 25. axb5 axb5 26. Bd1 f4 27. Rxa8 Rxa8 28. Kh1 Kg7 29. Rc2 fxe3 30. Nxe3 Bf4 31. Qc1 Bh6 32. Rf2 Qg3 33. Re2 Nh5 0-1

[Event "Ottawa Winter op"]
[Site "Ottawa CAN"]
[Date "2025.01.18"]
[Round "2.17"]
[White "Sambuev, Bator"]
[Black "Wu, Ting En Ryan"]
[Result "1-0"]
[WhiteElo "2528"]
[BlackElo "1900"]
[WhiteFideId "-1"]
[WhiteFideId "-1"]
[PlyCount "69"]
[GameId "2136100490871524"]
[EventDate "2025.01.17"]
[EventType "swiss"]
[EventRounds "5"]
[EventCountry "CAN"]

1. d4 d5 2. c4 c6 3. Nf3 Nf6 4. e3 e6 5. Nbd2 Qa5 6. a3 Nbd7 7. Rb1 Be7 8. b4 Qc7 9. Bd3 e5 10. dxe5 Nxe5 11. Nxe5 Qxe5 12. Bb2 Qg5 13. Nf3 Qxg2 14. Rg1 Qh3 15. cxd5 Nxd5 16. Rxg7 f6 17. Rg3 Qh6 18. b5 Kf8 19. bxc6 bxc6 20. Qc2 Rb8 21. Qxc6 Bb7 22. Qd7 Nxe3 23. Bc1 Rd8 24. Qxb7 Rxd3 25. Bxe3 Rxe3+ 26. fxe3 Qxe3+ 27. Kf1 Bc5 28. Qc8+ Kf7 29. Rb7+ Be7 30. Qc4+ Qe6 31. Ng5+ fxg5 32. Rf3+ Kg7 33. Qxe6 Rd8 34. Qxe7+ Kg8 35. Qxh7# 1-0

[Event "Ottawa Winter op"]
[Site "Ottawa CAN"]
[Date "2025.01.18"]
[Round "3.1"]
[White "Han, Johnathan"]
[Black "Moses, Neil"]
[Result "1-0"]
[Annotator "hugh_"]
[WhiteElo "2464"]
[BlackElo "2333"]
[WhiteFideId "-1"]
[WhiteFideId "-1"]
[PlyCount "112"]
[GameId "2136100490871532"]
[EventDate "2025.01.17"]
[EventType "swiss"]
[EventRounds "5"]
[EventCountry "CAN"]

{[%evp 0,112,23,30,20,14,13,26,22,11,33,31,31,34,33,40,81,33,40,48,60,73,71,67,35,49,10,33,-46,32,48,21,37,55,71,17,54,75,73,-5,91,102,87,111,88,-89,110,24,-52,57,163,157,116,115,146,165,175,273,183,165,218,238,218,211,205,360,254,232,210,111,244,228,185,222,225,278,273,290,247,266,298,308,94,309,292,293,301,311,157,314,254,377,319,375,318,349,337,172,344,325,268,286,305,344,272,372,376,457,439,554,437,500,487,552,691]} 1. e4 c5 2. Nf3 e6 3. d4 cxd4 4. Nxd4 a6 5. Bd3 Nf6 6. O-O Qc7 7. Qe2 d6 8. c4 Be7 9. Nc3 Nbd7 10. f4 O-O 11. Be3 Nc5 12. Bc2 e5 13. Nf3 exf4 14. Bxf4 Bg4 15. h3 Bh5 16. Kh1 Rfe8 17. Rac1 Bg6 18. b4 Ne6 19. Bh2 Qb6 20. Ba4 Qxb4 21. Bxe8 Rxe8 22. Nd5 Qa3 23. Nxf6+ Bxf6 24. Rcd1 Bh5 25. Bxd6 Qa4 26. Rd5 Bxf3 27. gxf3 g6 28. f4 Ng7 29. Rg1 Qd7 30. Qd3 Qe6 31. Be5 Bxe5 32. Rxe5 Qc6 33. Rxe8+ Nxe8 34. Qd5 Qc8 35. Kh2 Nf6 36. Qd4 Qe6 37. f5 Qxe4 38. Qxf6 Qf4+ 39. Kh1 Qf3+ 40. Rg2 Qf1+ 41. Kh2 Qf4+ 42. Kg1 Qc1+ 43. Kf2 Qf4+ 44. Ke2 Qxc4+ 45. Ke3 Qc1+ 46. Rd2 Qe1+ 47. Kd3 Qb1+ 48. Rc2 Qd1+ 49. Kc3 Qa1+ 50. Rb2 Qe1+ 51. Kb3 Qd1+ 52. Rc2 Qd5+ 53. Kc3 Qa5+ 54. Kd3 Qb5+ 55. Ke3 Qe8+ 56. Kf2 Qf8 1-0

[Event "Ottawa Winter op"]
[Site "Ottawa CAN"]
[Date "2025.01.18"]
[Round "3.2"]
[White "Jaferian, Koosha"]
[Black "Bahmani, Amir Mohammad"]
[Result "1-0"]
[Annotator "hugh_"]
[WhiteElo "2376"]
[BlackElo "2286"]
[WhiteFideId "-1"]
[WhiteFideId "-1"]
[PlyCount "234"]
[GameId "2136100490871533"]
[EventDate "2025.01.17"]
[EventType "swiss"]
[EventRounds "5"]
[EventCountry "CAN"]

{[%evp 0,200,22,33,18,22,17,30,25,31,24,25,23,28,14,25,29,25,-23,32,-11,27,25,-58,39,-2,63,76,91,85,78,93,37,107,88,70,68,24,10,10,14,74,50,14,52,68,40,97,83,50,1,-1,-1,1,-11,-2,-159,-14,0,-11,2,8,-1,0,8,15,1,12,81,-12,90,38,-12,-2,68,33,16,23,21,13,16,18,18,14,65,91,63,70,77,76,48,77,66,84,82,80,84,62,88,105,88,158,116,194,114,106,104,102,101,99,98,103,103,107,101,101,100,80,97,113,122,90,82,59,75,104,108,162,137,108,136,108,143,108,108,108,108,108,108,108,108,108,108,100,116,60,148,67,70,28,18,71,19,146,24,28,124,163,120,24,89,66,163,108,107,81,103,165,130,116,54,45,19,59,1,52,1,49,4,82,1,61,38,61,1,26,1,11,1,7,2,10,1,47,1,48,1,44,1,38,12,68,1]} 1. d4 Nf6 2. c4 e6 3. Nf3 b6 4. g3 Bb7 5. Bg2 Be7 6. O-O O-O 7. Nc3 d5 8. cxd5 Nxd5 9. Nxd5 Bxd5 10. Qc2 Na6 11. e4 Nb4 12. Qb1 Bb7 13. a3 Nc6 14. Rd1 a5 15. Qc2 a4 16. Bf4 Na5 17. Bxc7 Qc8 18. Ne1 Nb3 19. Rab1 Qd7 20. Bxb6 Rfc8 21. Qe2 Ba6 22. Qe3 Rab8 23. d5 e5 24. Nd3 Qb7 25. Ba7 Ra8 26. Bb6 Rcb8 27. d6 Bxd6 28. Bc5 Bxd3 29. Bxd6 Bxb1 30. Bxb8 Rxb8 31. Rxb1 g6 32. Bf1 Qc6 33. Qc3 Qxe4 34. Re1 Qd4 35. Rxe5 Qxc3 36. bxc3 Nd2 37. Rb5 Rc8 38. c4 Nxc4 39. Bxc4 Rxc4 40. Ra5 Kg7 41. Kf1 Kf6 42. Ke2 Rc2+ 43. Ke1 h5 44. Rxa4 Ke5 45. h4 Ra2 46. Kf1 f6 47. Kg2 Kf5 48. Ra5+ Kg4 49. Rb5 g5 50. a4 gxh4 51. Rb4+ Kg5 52. Rxh4 Kg6 53. Rf4 Ra3 54. Rc4 Ra2 55. Kf3 Ra3+ 56. Ke4 Ra2 57. Ke3 Ra3+ 58. Kd4 Kg5 59. Kc5 Ra2 60. Rf4 h4 61. Rxh4 Rxf2 62. a5 Ra2 63. Kb5 Ra3 64. Rh8 Kf5 65. a6 Ke5 66. Kb6 Rb3+ 67. Kc6 Rc3+ 68. Kb6 Rb3+ 69. Kc5 Ra3 70. Kb5 f5 71. Rg8 Kd6 72. Rg6+ Kc7 73. Rg7+ Kb8 74. a7+ Ka8 75. Kc5 Rd3 76. Kc4 Rd8 77. Kc5 Rd3 78. Kc6 Rd8 79. Kb6 Rd6+ 80. Kc5 Rd3 81. Kc6 Rd8 82. Rg5 Rf8 83. Kd6 Kxa7 84. Ke7 Rc8 85. Rxf5 Rg8 86. Rf3 Kb7 87. Kf7 Rg4 88. Rc3 Kb6 89. Kf6 Rg8 90. Kf5 Rf8+ 91. Kg4 Rg8+ 92. Kh3 Rh8+ 93. Kg2 Rg8 94. Kf2 Kb5 95. Rc1 Kb6 96. Kf3 Rf8+ 97. Ke4 Re8+ 98. Kf5 Rf8+ 99. Ke6 Re8+ 100. Kf6 Rg8 101. Rg1 Rg4 102. Kf5 Rg8 103. g4 Kc6 104. g5 Kd7 105. Re1 Rf8+ 106. Kg6 Rg8+ 107. Kf6 Rf8+ 108. Kg7 Rf2 109. g6 Rg2 110. Kf7 Rf2+ 111. Kg8 Rg2 112. g7 Rh2 113. Re4 Kd6 114. Kf7 Rf2+ 115. Kg6 Rg2+ 116. Kf6 Rg1 117. Rf4 Kd5 1-0

[Event "Ottawa Winter op"]
[Site "Ottawa CAN"]
[Date "2025.01.18"]
[Round "3.3"]
[White "Dukic, Zachary"]
[Black "Latreille, Etienne"]
[Result "1-0"]
[WhiteElo "2365"]
[BlackElo "2075"]
[WhiteFideId "-1"]
[WhiteFideId "-1"]
[PlyCount "67"]
[GameId "2136100490871536"]
[EventDate "2025.01.17"]
[EventType "swiss"]
[EventRounds "5"]
[EventCountry "CAN"]

1. e4 c5 2. Nf3 Nc6 3. d4 cxd4 4. Nxd4 g6 5. Nc3 Bg7 6. Be3 Nf6 7. Bc4 O-O 8. Bb3 Qa5 9. O-O d6 10. h3 Bd7 11. Re1 Rfe8 12. Nf3 h6 13. Nh2 Rac8 14. f4 Qh5 15. Nf3 e5 16. fxe5 dxe5 17. Qe2 g5 18. Rf1 Be6 19. Qf2 Kh8 20. Nh2 Nd4 21. Bxe6 Rxe6 22. Bxd4 exd4 23. Qxd4 Nxe4 24. Qd7 Rc4 25. Nxe4 Rcxe4 26. Rxf7 Qg6 27. Raf1 Re8 28. Ng4 Re2 29. R1f6 Qxc2 30. Rxh6+ Bxh6 31. Qd4+ R8e5 32. Qd8+ Re8 33. Qf6+ Kg8 34. Nxh6# 1-0

[Event "Ottawa Winter op"]
[Site "Ottawa CAN"]
[Date "2025.01.18"]
[Round "3.4"]
[White "Duong, Thanh Nha"]
[Black "Rodrigue-Lemieux, Shawn"]
[Result "0-1"]
[WhiteElo "2318"]
[BlackElo "2628"]
[WhiteFideId "-1"]
[WhiteFideId "-1"]
[PlyCount "106"]
[GameId "2136100490871539"]
[EventDate "2025.01.17"]
[EventType "swiss"]
[EventRounds "5"]
[EventCountry "CAN"]

1. d4 d5 2. Nf3 e6 3. e3 c5 4. b3 Nc6 5. Bb2 Nf6 6. Bd3 cxd4 7. exd4 g6 8. O-O Bg7 9. Nbd2 O-O 10. a3 b6 11. Qe2 Bb7 12. Ne5 Rc8 13. f4 Re8 14. Rf3 Ne4 15. Rc1 f5 16. Rh3 Nxe5 17. fxe5 Re7 18. Nxe4 fxe4 19. Ba6 Bxa6 20. Qxa6 Rec7 21. c3 Qg5 22. Qe2 Rf7 23. Rg3 Qe7 24. Rf1 Rxf1+ 25. Qxf1 Rf8 26. Qe1 Bh6 27. Bc1 Bf4 28. Bxf4 Rxf4 29. Qc1 Qf8 30. c4 Rf2 31. h3 Re2 32. Kh2 Qf2 33. Qg5 Re1 34. Qd8+ Kg7 35. Qe7+ Qf7 36. Qb4 Rd1 37. cxd5 exd5 38. Qd6 Qf4 39. Qe7+ Kh6 40. Qf6 Qxf6 41. exf6 Rf1 42. Rc3 Kg5 43. Rc7 Kxf6 44. Rc6+ Ke7 45. Rc7+ Kd6 46. Rc8 Kd7 47. Rc2 Rd1 48. Kg3 Rxd4 49. Kf4 Rd3 50. Ke5 e3 51. Re2 d4 52. Ke4 Rd2 53. Re1 e2 0-1

[Event "Ottawa Winter op"]
[Site "Ottawa CAN"]
[Date "2025.01.18"]
[Round "3.5"]
[White "Joseph, Jonath"]
[Black "Latorre, Vincent"]
[Result "0-1"]
[WhiteElo "2190"]
[BlackElo "2366"]
[WhiteFideId "-1"]
[WhiteFideId "-1"]
[PlyCount "74"]
[GameId "2136100490871537"]
[EventDate "2025.01.17"]
[EventType "swiss"]
[EventRounds "5"]
[EventCountry "CAN"]

1. Nf3 Nf6 2. b3 g6 3. Bb2 Bg7 4. e3 c5 5. c4 O-O 6. Be2 Nc6 7. O-O d5 8. cxd5 Qxd5 9. Nc3 Qf5 10. d4 cxd4 11. Nxd4 Nxd4 12. exd4 Rd8 13. Bf3 e5 14. Re1 exd4 15. Ne2 d3 16. Nd4 Qc5 17. Qxd3 Ng4 18. Rac1 Qd6 19. Bxg4 Bxg4 20. h3 Bf5 21. Qd2 Rd7 22. Rcd1 Rad8 23. Qe2 Qa6 24. Qe3 Qb6 25. g4 Be6 26. Nxe6 Qxe3 27. fxe3 Rxd1 28. Nxd8 Rxe1+ 29. Kf2 Rd1 30. Bxg7 Kxg7 31. Nxb7 Rd2+ 32. Kf3 Rxa2 33. Ke4 Rh2 34. Nd8 Rxh3 35. Nc6 Rh4 36. Nxa7 Rxg4+ 37. Kd5 Rb4 0-1

[Event "Ottawa Winter op"]
[Site "Ottawa CAN"]
[Date "2025.01.18"]
[Round "3.6"]
[White "Hoekman, Samuel"]
[Black "Guillemette, Hugo"]
[Result "1-0"]
[WhiteElo "2128"]
[BlackElo "2291"]
[WhiteFideId "-1"]
[WhiteFideId "-1"]
[PlyCount "127"]
[GameId "2136100490871538"]
[EventDate "2025.01.17"]
[EventType "swiss"]
[EventRounds "5"]
[EventCountry "CAN"]

1. d4 Nf6 2. c4 e6 3. g3 Bb4+ 4. Nd2 c5 5. a3 Bxd2+ 6. Qxd2 cxd4 7. Nf3 d5 8. Bg2 dxc4 9. Qxd4 Qxd4 10. Nxd4 O-O 11. Be3 Nd5 12. Rc1 Nxe3 13. fxe3 Nd7 14. Rxc4 Nf6 15. O-O e5 16. Nb5 Rd8 17. Rc7 Rb8 18. Nxa7 Bg4 19. Bf3 Bh3 20. Bg2 Bxg2 21. Kxg2 Nd5 22. Rfxf7 Nxc7 23. Rxc7 Rd2 24. b4 e4 25. Kf2 Rf8+ 26. Ke1 Ra2 27. Rxb7 Ra1+ 28. Kd2 Rxa3 29. Nc6 Rf1 30. Nd4 Rb1 31. b5 Rb2+ 32. Kc1 Rb4 33. Kd2 Rb2+ 34. Kc1 Rb4 35. Kd2 Ra2+ 36. Kc3 Rab2 37. Re7 Kf8 38. Rxe4 R2b3+ 39. Nxb3 Rxe4 40. b6 Rxe3+ 41. Kc4 Rxe2 42. b7 Re8 43. Nc5 Ke7 44. Na6 Kf6 45. b8=Q Rxb8 46. Nxb8 Kf5 47. Kd3 Kg4 48. Ke3 Kh3 49. Kf3 Kxh2 50. Nd7 h5 51. Ne5 g5 52. Nf7 g4+ 53. Kf4 Kg2 54. Ng5 Kh2 55. Ne4 Kg2 56. Kg5 Kf3 57. Kxh5 Kxe4 58. Kxg4 Ke5 59. Kg5 Ke6 60. Kg6 Ke7 61. g4 Ke6 62. g5 Ke7 63. Kh7 Kf8 64. g6 1-0

[Event "Ottawa Winter op"]
[Site "Ottawa CAN"]
[Date "2025.01.18"]
[Round "3.7"]
[White "Lattafi, Youcef"]
[Black "Kot, Emanuel"]
[Result "0-1"]
[WhiteElo "1982"]
[BlackElo "2237"]
[WhiteFideId "-1"]
[WhiteFideId "-1"]
[PlyCount "75"]
[GameId "2136100490871541"]
[EventDate "2025.01.17"]
[EventType "swiss"]
[EventRounds "5"]
[EventCountry "CAN"]

1. e4 c5 2. Nf3 d6 3. d4 cxd4 4. Nxd4 Nf6 5. Nc3 Nc6 6. Bc4 e6 7. Be3 a6 8. Nxc6 bxc6 9. Qf3 e5 10. h3 Be7 11. O-O-O Be6 12. Bb3 O-O 13. g4 Nd7 14. h4 Nb6 15. Kb1 Nc4 16. Bc1 Na5 17. g5 Nxb3 18. axb3 Qd7 19. Rhg1 f5 20. gxf6 Rxf6 21. Qg3 Rg6 22. Qh2 Rxg1 23. Rxg1 Rf8 24. h5 Bf6 25. f4 Bf7 26. f5 Qe7 27. Nd1 Kh8 28. Nf2 h6 29. Ng4 Kh7 30. Be3 d5 31. Qd2 Bxh5 32. Nxh6 gxh6 33. Bxh6 Rh8 34. Rh1 Bh4 35. exd5 cxd5 36. Qxd5 Qd8 37. Qxe5 Kxh6 38. Qf4+ 0-1

[Event "Ottawa Winter op"]
[Site "Ottawa CAN"]
[Date "2025.01.18"]
[Round "3.8"]
[White "Russell, Wesley"]
[Black "Saha, Ananda"]
[Result "0-1"]
[WhiteElo "1999"]
[BlackElo "2217"]
[WhiteFideId "-1"]
[WhiteFideId "-1"]
[PlyCount "116"]
[GameId "2136100490871540"]
[EventDate "2025.01.17"]
[EventType "swiss"]
[EventRounds "5"]
[EventCountry "CAN"]

1. e4 e6 2. d4 d5 3. e5 c5 4. c3 Nc6 5. Nf3 Bd7 6. Bd3 Nge7 7. O-O cxd4 8. cxd4 Qb6 9. Bc2 Nb4 10. Ba4 Bxa4 11. Qxa4+ Nbc6 12. Nc3 Nf5 13. Be3 h5 14. a3 Be7 15. b4 O-O 16. Ne2 Rac8 17. Nf4 g6 18. Rfd1 Rc7 19. Rac1 Rfc8 20. Ne2 a5 21. b5 Na7 22. Rxc7 Rxc7 23. Rb1 Rc4 24. Qb3 a4 25. Qb2 Nxe3 26. fxe3 Qa5 27. Nd2 Rc8 28. Nf3 Ra8 29. Nf4 Kg7 30. h3 Nc8 31. Rd1 Nb6 32. Nd2 Rc8 33. Ne2 Nc4 34. Nxc4 Rxc4 35. Kf2 Qc7 36. Rd2 Qc8 37. Kg1 Bd8 38. Nf4 Rc1+ 39. Kh2 Ba5 40. Rf2 Qc3 41. Qe2 Qxa3 42. Nxh5+ Kf8 43. Nf4 Ke8 44. e4 Qa1 45. exd5 Rh1+ 46. Kg3 Be1 47. dxe6 Bxf2+ 48. Qxf2 Qe1 49. exf7+ Kxf7 50. Nd3+ Qxf2+ 51. Kxf2 a3 52. Nc5 a2 53. Nxb7 a1=Q 54. Ke3 Re1+ 55. Kd3 Rd1+ 56. Ke2 Qxd4 57. Nd6+ Ke6 58. b6 Qd3+ 0-1

[Event "Ottawa Winter op"]
[Site "Ottawa CAN"]
[Date "2025.01.18"]
[Round "3.9"]
[White "Liang, Jason"]
[Black "Pelev, Iassen"]
[Result "1-0"]
[WhiteElo "2590"]
[BlackElo "2110"]
[WhiteFideId "-1"]
[WhiteFideId "-1"]
[PlyCount "85"]
[GameId "2136100490871535"]
[EventDate "2025.01.17"]
[EventType "swiss"]
[EventRounds "5"]
[EventCountry "CAN"]

1. Nf3 Nf6 2. c4 g6 3. b3 Bg7 4. Bb2 c5 5. g3 b6 6. Bg2 Bb7 7. O-O O-O 8. d4 cxd4 9. Qxd4 Nc6 10. Qf4 Qb8 11. Rd1 Qxf4 12. gxf4 d6 13. Ne1 Rac8 14. Nc3 Nd7 15. Rd2 Ba8 16. Rad1 Nc5 17. Nd5 Bxb2 18. Rxb2 Rfe8 19. e3 Kg7 20. Rbd2 Nd8 21. Nc2 Bxd5 22. cxd5 Rc7 23. Nd4 a6 24. Rc2 a5 25. a3 Ndb7 26. b4 axb4 27. axb4 Na6 28. Rxc7 Nxc7 29. Rc1 Na8 30. Bf1 Rb8 31. Nc6 Re8 32. Ra1 Nc7 33. Ra7 Nxd5 34. Rxb7 e6 35. Bc4 Nf6 36. Rxb6 Rc8 37. b5 Nd7 38. Ra6 Nc5 39. Ra7 Kf6 40. Bf1 h6 41. Bg2 d5 42. Ne5 Rf8 43. Rc7 1-0

[Event "Ottawa Winter op"]
[Site "Ottawa CAN"]
[Date "2025.01.18"]
[Round "3.10"]
[White "Nassar, Mark"]
[Black "Sambuev, Bator"]
[Result "0-1"]
[WhiteElo "2086"]
[BlackElo "2528"]
[WhiteFideId "-1"]
[WhiteFideId "-1"]
[PlyCount "46"]
[GameId "2136100490871534"]
[EventDate "2025.01.17"]
[EventType "swiss"]
[EventRounds "5"]
[EventCountry "CAN"]

1. e4 e6 2. d4 d5 3. Nc3 Bb4 4. Nge2 dxe4 5. a3 Be7 6. Nxe4 Nc6 7. Qd3 Nf6 8. Nxf6+ Bxf6 9. Be3 b6 10. O-O-O Bb7 11. Nc3 Qd7 12. d5 Ne7 13. d6 cxd6 14. Qxd6 Qxd6 15. Rxd6 Nf5 16. Bb5+ Kf8 17. Rd7 Bxg2 18. Rhd1 h5 19. Bf4 h4 20. Bc7 a6 21. Bxa6 Bc6 22. Bb5 Bxd7 23. Rxd7 Nd4 0-1

[Event "Ottawa Winter op"]
[Site "Ottawa CAN"]
[Date "2025.01.19"]
[Round "4.1"]
[White "Jaferian, Koosha"]
[Black "Han, Johnathan"]
[Result "1/2-1/2"]
[Annotator "hugh_"]
[WhiteElo "2376"]
[BlackElo "2464"]
[WhiteFideId "-1"]
[WhiteFideId "-1"]
[PlyCount "86"]
[GameId "2136100634919671"]
[EventDate "2025.01.17"]
[EventType "swiss"]
[EventRounds "5"]
[EventCountry "CAN"]

{[%evp 0,86,19,23,20,12,1,18,-16,12,28,38,31,-20,41,15,49,27,1,17,42,35,20,36,13,19,26,53,20,24,12,24,-12,9,40,19,-18,18,42,23,31,22,119,33,26,44,41,-11,23,67,34,34,12,27,27,1,-30,-23,21,-11,45,36,36,28,33,6,47,79,24,100,15,10,54,-1,-101,-1,-68,-5,-1,-1,-1,-1,1,-1,1,-1,-1,1,-15]} 1. e4 c5 2. c3 d5 3. exd5 Qxd5 4. d4 Nf6 5. Nf3 e6 6. Na3 Nc6 7. Be3 cxd4 8. Nb5 Qd7 9. Nbxd4 Be7 10. Nxc6 Qxc6 11. Ne5 Qe4 12. Qd4 Qxd4 13. Bxd4 Nd5 14. Bb5+ Kf8 15. O-O-O f6 16. Nd3 Kf7 17. Rhe1 Rd8 18. f4 h5 19. Bc4 g6 20. Rd2 b6 21. Rde2 Bd6 22. g3 Bf8 23. a3 Bd7 24. f5 gxf5 25. Bxd5 exd5 26. Nf4 h4 27. gxh4 Bh6 28. Be3 Bb5 29. Rf2 Re8 30. Ng2 Bxe3+ 31. Rxe3 Re5 32. Kd2 Rd8 33. Rxe5 fxe5 34. Rxf5+ Ke6 35. Rg5 d4 36. cxd4 Rxd4+ 37. Ke3 Rd3+ 38. Ke4 Rd4+ 39. Ke3 Kf6 40. Rh5 Rd3+ 41. Ke4 Rd4+ 42. Ke3 Rd3+ 43. Ke4 Rd4+ 1/2-1/2

[Event "Ottawa Winter op"]
[Site "Ottawa CAN"]
[Date "2025.01.19"]
[Round "4.2"]
[White "Latorre, Vincent"]
[Black "Dukic, Zachary"]
[Result "1-0"]
[Annotator "hugh_"]
[WhiteElo "2366"]
[BlackElo "2365"]
[WhiteFideId "-1"]
[WhiteFideId "-1"]
[PlyCount "71"]
[GameId "2136100634919672"]
[EventDate "2025.01.17"]
[EventType "swiss"]
[EventRounds "5"]
[EventCountry "CAN"]

{[%evp 0,71,12,28,24,48,27,-9,53,53,50,47,41,36,53,51,58,56,57,47,36,31,18,7,9,6,-8,-10,0,8,19,8,-20,0,2,-5,-14,-76,-54,11,-51,-90,-114,-48,-84,-126,-140,-144,-150,-162,-86,-86,-12,-1,15,-10,-118,-104,-66,-54,121,137,143,144,158,159,206,219,469,287,335,292,29999,29999]} 1. e4 d6 2. d4 Nf6 3. Nc3 e5 4. dxe5 dxe5 5. Qxd8+ Kxd8 6. Bc4 Bb4 7. Bd2 Ke7 8. a3 Bc5 9. Nf3 Nbd7 10. h3 c6 11. g4 b5 12. Ba2 a5 13. g5 Nh5 14. Ne2 Bd6 15. Be3 b4 16. a4 Ba6 17. Rd1 g6 18. Nh2 f5 19. gxf6+ Ndxf6 20. Rg1 Nxe4 21. f3 Bc5 22. Bxc5+ Nxc5 23. Rg5 Nd7 24. Ng3 Nf4 25. Nf5+ Kf6 26. h4 gxf5 27. Rxd7 Ne6 28. Rd6 Bc8 29. Rxc6 Ra6 30. Rxf5+ Kxf5 31. Bxe6+ Bxe6 32. Rxa6 h5 33. Nf1 Bd7 34. Ne3+ Kf4 35. Kf2 Bxa4 36. Rf6# 1-0

[Event "Ottawa Winter op"]
[Site "Ottawa CAN"]
[Date "2025.01.19"]
[Round "4.3"]
[White "Rodrigue-Lemieux, Shawn"]
[Black "Hoekman, Samuel"]
[Result "1-0"]
[WhiteElo "2628"]
[BlackElo "2128"]
[WhiteFideId "-1"]
[WhiteFideId "-1"]
[PlyCount "79"]
[GameId "2136100634919676"]
[EventDate "2025.01.17"]
[EventType "swiss"]
[EventRounds "5"]
[EventCountry "CAN"]

1. a3 d5 2. Nf3 Nf6 3. d4 e6 4. e3 c5 5. b3 Nbd7 6. Bb2 Be7 7. Nbd2 O-O 8. Bd3 b6 9. c4 Bb7 10. O-O Rc8 11. Rc1 Re8 12. Qe2 cxd4 13. exd4 Nf8 14. Ne5 Ng6 15. f4 dxc4 16. bxc4 Nh4 17. Ndf3 Nxf3+ 18. Nxf3 Rf8 19. Ne5 Nd7 20. Kh1 Nxe5 21. fxe5 Bg5 22. Rc2 Bh6 23. Qf2 Qg5 24. Bc1 Qh5 25. Bxh6 Qxh6 26. Qg3 Rcd8 27. Rf4 g6 28. Rh4 Qg7 29. Rf2 Rd7 30. Rf6 Rc8 31. h3 Ba6 32. d5 exd5 33. cxd5 Rc3 34. Qg4 Bc8 35. Qd4 Rxa3 36. Rhf4 Ra5 37. Bc4 Ba6 38. e6 fxe6 39. dxe6 Bxc4 40. exd7 1-0

[Event "Ottawa Winter op"]
[Site "Ottawa CAN"]
[Date "2025.01.19"]
[Round "4.4"]
[White "Saha, Ananda"]
[Black "Kot, Emanuel"]
[Result "1-0"]
[WhiteElo "2217"]
[BlackElo "2237"]
[WhiteFideId "-1"]
[WhiteFideId "-1"]
[PlyCount "163"]
[GameId "2136100634919681"]
[EventDate "2025.01.17"]
[EventType "swiss"]
[EventRounds "5"]
[EventCountry "CAN"]

1. b3 e5 2. Bb2 Nc6 3. e3 d5 4. Bb5 Bd6 5. Nf3 f6 6. Bxc6+ bxc6 7. d3 Ne7 8. Nbd2 O-O 9. h3 Be6 10. e4 Ng6 11. Qe2 Nf4 12. Qf1 Qd7 13. O-O-O d4 14. Ng1 Ng6 15. h4 f5 16. h5 Ne7 17. h6 g6 18. Nh3 f4 19. Ng5 Bb4 20. Ndf3 Qd6 21. Nxe6 Qxe6 22. Qe2 Qf6 23. Nh2 a5 24. a4 Qd6 25. Qg4 Kh8 26. Nf3 Ng8 27. Qg5 Rfe8 28. Kb1 Nf6 29. Nh4 Qd7 30. Nf3 Qe6 31. Qh4 Be7 32. Qh3 Qxh3 33. gxh3 Bd6 34. Nd2 Bb4 35. Nc4 g5 36. Rhg1 Rg8 37. Rg2 g4 38. hxg4 Nxg4 39. Rdg1 Nxh6 40. Rxg8+ Rxg8 41. Rxg8+ Kxg8 42. Nxe5 Bd6 43. Nxc6 Ng4 44. f3 Nh2 45. e5 Bf8 46. Nxd4 h5 47. Bc1 Bh6 48. b4 axb4 49. a5 Bf8 50. a6 Bc5 51. Ne6 Bb6 52. Nxf4 h4 53. Nd5 Ba7 54. Nxc7 Nxf3 55. Nb5 h3 56. Bf4 Be3 57. a7 Bxa7 58. Nxa7 Kf7 59. Bg3 Nd2+ 60. Kc1 Nf1 61. Bf4 Ke6 62. Kd1 h2 63. Bxh2 Nxh2 64. Nc6 b3 65. Nd4+ Kxe5 66. Nxb3 Ng4 67. Kd2 Nf6 68. c4 Ng4 69. Kc3 Ne3 70. d4+ Kd6 71. Kd3 Ng4 72. Nd2 Nf2+ 73. Ke2 Ng4 74. Ne4+ Kc6 75. Kf3 Nh6 76. Kf4 Nf7 77. Kf5 Nd8 78. d5+ Kd7 79. c5 Kc7 80. Kf6 Kd7 81. Ng5 Ke8 82. c6 1-0

[Event "Ottawa Winter op"]
[Site "Ottawa CAN"]
[Date "2025.01.19"]
[Round "4.5"]
[White "Bahmani, Amir Mohammad"]
[Black "Liang, Jason"]
[Result "1/2-1/2"]
[WhiteElo "2286"]
[BlackElo "2590"]
[WhiteFideId "-1"]
[WhiteFideId "-1"]
[PlyCount "115"]
[GameId "2136100634919678"]
[EventDate "2025.01.17"]
[EventType "swiss"]
[EventRounds "5"]
[EventCountry "CAN"]

1. e4 c5 2. Ne2 Nc6 3. d4 cxd4 4. Nxd4 e6 5. Nc3 Qc7 6. Be3 a6 7. Be2 Nf6 8. O-O Be7 9. a4 O-O 10. Nxc6 bxc6 11. a5 c5 12. f4 d6 13. Qe1 Rb8 14. b3 Rb4 15. Bd3 d5 16. e5 Nd7 17. Bd2 c4 18. bxc4 dxc4 19. Ne4 Rb8 20. Be2 Bb7 21. Bf3 Rfd8 22. Bc3 Bxe4 23. Bxe4 g6 24. f5 Nxe5 25. fxe6 Bc5+ 26. Kh1 Bd4 27. exf7+ Nxf7 28. Bxd4 Rxd4 29. Rd1 Rbd8 30. Rxd4 Rxd4 31. Qe3 Rd6 32. Qf3 Qd7 33. h3 Qe6 34. Rb1 Kg7 35. Rb7 Rd4 36. Bc6 Qe1+ 37. Kh2 Qe5+ 38. Qg3 Qxg3+ 39. Kxg3 Kf6 40. Rb6 Nd6 41. Rxa6 Rd2 42. Ba4 Ke5 43. Ra8 Nf5+ 44. Kh2 Ne3 45. Re8+ Kf4 46. Bc6 Nf1+ 47. Kg1 Ng3 48. Rf8+ Nf5 49. Kh2 Rxc2 50. a6 Ra2 51. Bb7 Ke3 52. Rc8 Kd3 53. Rc7 Ne3 54. Rd7+ Ke2 55. a7 Rxa7 56. Bf3+ Kf2 57. Rxa7 Nf1+ 58. Kh1 1/2-1/2